000 00201nam a22000857a 4500
008 170624b xxu||||| |||| 00| 0 eng d
100 _93652
_aCBSE
245 _aMathematics lab manual X
260 _bCBSE
_c2008
999 _c7052
_d7052